[Event "22nd Open"]
[Site "Staufer GER"]
[Date "2010.01.05"]
[Round "8"]
[White "Schebler,G"]
[Black "Graf,A"]
[Result "1/2-1/2"]
[WhiteElo "2485"]
[BlackElo "2593"]

1.Nf3 d5 2.g3 Nf6 3.Bg2 Nbd7 4.c4 c6 5.O-O e5 6.cxd5 cxd5 7.d3 Bd6 8.e4 O-O
9.exd5 Nxd5 10.d4 exd4 11.Qxd4 N7b6 12.Nc3 Nxc3 13.Qxc3 Be7 14.Qa5 Be6 15.Bg5 Nd5
16.Qxd8 Rfxd8 17.Bxe7 Nxe7 18.Rfe1 h6 19.a3 Rac8 20.Rac1 Rxc1 21.Rxc1 Nc6
22.Bf1 g5 23.Bb5 Bd5 24.Be2 g4 25.Nh4 Be6 26.Rd1 Nd4 27.Kf1 Rd5 28.Ke1 Kg7
29.Ng2 Nxe2 30.Kxe2 Rh5 31.Nf4 Bc4+ 32.Ke3 Rxh2 33.Rd7 b5 34.Rxa7 Rh1 35.a4 Ra1
36.Kd4 Rd1+ 37.Kc3 Rc1+ 38.Kd2 Rf1 39.Ke3 Rb1 40.axb5 Rxb2 41.Rb7 Rb3+ 42.Kd2 Rxb5
43.Rxb5 Bxb5 44.Ke3 Kf6 45.Nh5+ Ke5 46.Nf4  1/2-1/2

[Event "39th Rilton Cup"]
[Site "Stockholm SWE"]
[Date "2010.01.05"]
[Round "9"]
[White "Berczes,C"]
[Black "Molchanova,T"]
[Result "1/2-1/2"]
[WhiteElo "2379"]
[BlackElo "2368"]

1.Nf3 d5 2.g3 g6 3.Bg2 Bg7 4.d4 c6 5.O-O Nf6 6.c4 O-O 7.Qb3 Qb6 8.Nc3 Qxb3
9.axb3 Na6 10.Bf4 Rd8 11.Ra5 Be6 12.c5 Nh5 13.Rfa1 Nxf4 14.gxf4 f6 15.h3 Bf5
16.Bf1 g5 17.fxg5 fxg5 18.e3 g4 19.Nh4 Bc8 20.hxg4 e5 21.dxe5 Bxe5 22.Bxa6 bxa6
23.Nf5 Kf7 24.f3 Bxf5 25.gxf5 d4 26.exd4 Bxd4+ 27.Kf1 Rab8 28.Rxa6 Rxb3 29.Rxc6 Bxc3
30.bxc3 Rd7 31.Rh6 Kg7 32.Rd6 Rf7 33.f6+ Kg6 34.Rd3 Rb5 35.c6 Rc5 36.Ra6 Rxf6
37.Rxa7 Rfxc6 38.Ra3 Rc4 39.Ke2 h5 40.Kd2 h4 41.Ra8 Rf4 42.Rg8+ Kf6 43.Rdd8 Rfc4
44.Rdf8+ Ke7 45.Re8+  1/2-1/2

[Event "15th Open"]
[Site "Bosnjaci CRO"]
[Date "2010.01.06"]
[Round "5"]
[White "Ivanov,StojanE"]
[Black "Velchev,H"]
[Result "1-0"]
[WhiteElo "2198"]
[BlackElo "2298"]

1.Nf3 d5 2.g3 Nf6 3.Bg2 c5 4.O-O Nc6 5.d3 e6 6.Nbd2 Be7 7.e4 b6 8.Re1 Bb7
9.e5 Nd7 10.c3 Qc7 11.Qe2 g5 12.h3 h5 13.g4 hxg4 14.hxg4 O-O-O 15.Nf1 Rdg8
16.Bd2 Kb8 17.a4 c4 18.d4 Na5 19.Be3 Nf8 20.Ng3 Bc6 21.Nh5 Nb3 22.Ra2 Nh7
23.Nd2 Qd7 24.Qf3 Nxd2 25.Bxd2 Bd8 26.Rea1 Rf8 27.Qd1 f6 28.b3 fxe5 29.dxe5 Qc7
30.Be3 cxb3 31.Qxb3 Qxe5 32.Bd4 Qd6 33.Bxh8 Rxh8 34.a5 b5 35.Qa3 Qe5 36.Qc5 Qc7
37.Qe3 Qd6 38.Qg3 Qxg3 39.fxg3 Nf6 40.Nxf6 Bxf6 41.Rc1 Kc7 42.Bf3 a6 43.Rh2 Rxh2
44.Kxh2 Kd6 45.Kg1 e5 46.Kf2 e4 47.Be2 Bd8 48.Ra1 Bf6 49.Rc1 Bd8 50.Ra1 Kc5
51.Ke3 Bc7 52.Kf2 Be5 53.Rc1 Bd7 54.Kg2 Bc7 55.Ra1 Be5 56.Rc1 b4 57.cxb4+ Kxb4
58.Bxa6 Kxa5 59.Rc5+ Kxa6 60.Rxd5 Bxg4 61.Rxe5 Bf3+ 62.Kf2 g4 63.Ke3 Kb6
64.Rxe4 Kc6 65.Rd4 Kc5 66.Rd8 Kc6 67.Kf4 Kc7 68.Rg8 Kd6 69.Rxg4  1-0

[Event "15th Open"]
[Site "Bosnjaci CRO"]
[Date "2010.01.07"]
[Round "7"]
[White "Bosnjak,N"]
[Black "Bekcic,M"]
[Result "1-0"]
[WhiteElo "2208"]
[BlackElo "1983"]

1.Nf3 d5 2.g3 Nf6 3.Bg2 e6 4.O-O Bd6 5.d4 O-O 6.c4 c6 7.Nc3 Nbd7 8.e4 Nxe4
9.Nxe4 dxe4 10.Ng5 Nf6 11.Nxe4 Nxe4 12.Bxe4 Re8 13.Qc2 h6 14.Be3 Qe7 15.Rfe1 Bd7
16.Rad1 b6 17.c5 bxc5 18.dxc5 Be5 19.Qa4 Bxb2 20.Rxd7 Qxd7 21.Bxc6 Qd8 22.Rd1 Qe7
23.Bxe8 Qxe8 24.Qxe8+ Rxe8 25.Rd7 Ra8 26.c6 a5 27.c7 Bf6 28.Bb6  1-0

[Event "ch-AUS"]
[Site "Sydney AUS"]
[Date "2010.01.08"]
[Round "6"]
[White "Wohl,A"]
[Black "Levi,Ed"]
[Result "1-0"]
[WhiteElo "2458"]
[BlackElo "2271"]

1.Nf3 d5 2.g3 Nc6 3.d4 Bg4 4.Nbd2 Qd7 5.h3 Bh5 6.Bg2 f6 7.c3 e5 8.dxe5 fxe5
9.e4 O-O-O 10.exd5 Qxd5 11.Qb3 Qd3 12.g4 Bg6 13.Nh4 Nf6 14.Nxg6 hxg6 15.Qc4 Qd7
16.O-O Be7 17.Ne4 Nxe4 18.Qxe4 Kb8 19.Be3 Qe6 20.b4 Rd6 21.b5 Nd8 22.Rfd1 Qd7
23.Qa4 a6 24.Rxd6 Bxd6 25.Rb1 Re8 26.Bc6 Nxc6 27.bxc6 Qe6 28.Qxa6  1-0

[Event "15th Open"]
[Site "Bosnjaci CRO"]
[Date "2010.01.09"]
[Round "9"]
[White "Baturina,A"]
[Black "Ljikar,Z"]
[Result "1/2-1/2"]
[WhiteElo "2101"]
[BlackElo "2209"]

1.Nf3 d5 2.g3 c6 3.Bg2 Bg4 4.Ne5 Bf5 5.d4 Nf6 6.c4 e6 7.Nc3 Nbd7 8.Qb3 Qb6
9.Bf4 Nxe5 10.Bxe5 Nd7 11.e4 Nxe5 12.dxe5 dxe4 13.Qxb6 axb6 14.Nxe4 Ra4 15.b3 Ra5
16.f4 Bb4+ 17.Kd1 Ke7 18.Kc2 Rd8 19.Rhd1 Rxd1 20.Kxd1 Ra8 21.Kc2 g5 22.a4 gxf4
23.gxf4 Rg8 24.Bf3 Rg6 25.Rh1 Rh6 26.h4 Rg6 27.Kd3 Rg8 28.Ke3 Rd8 29.Rd1 Rxd1
30.Bxd1 Bxe4 31.Kxe4  1/2-1/2

[Event "XXXV Open"]
[Site "Seville ESP"]
[Date "2010.01.10"]
[Round "3"]
[White "Lanzani,M"]
[Black "Burmakin,V"]
[Result "0-1"]
[WhiteElo "2369"]
[BlackElo "2590"]

1.Nf3 d5 2.g3 c6 3.Bg2 Bf5 4.O-O e6 5.d3 Nf6 6.Nc3 h6 7.Qe1 Be7 8.e4 Bh7
9.Qe2 O-O 10.Rb1 Na6 11.a3 Nc7 12.Bf4 Re8 13.e5 Nd7 14.h4 c5 15.b4 b6 16.bxc5 bxc5
17.a4 Qc8 18.Nb5 Nxb5 19.axb5 a6 20.bxa6 Qxa6 21.Nd2 Qa2 22.Rb7 Nf8 23.Rc1 Rab8
24.Rxb8 Rxb8 25.Qd1 Qa5 26.h5 Rb2 27.Bf1 Qa4 28.Nb3 Ra2 29.Ra1 Rxa1 30.Qxa1 Qxa1
31.Nxa1 Nd7 32.Nb3 Kf8 33.g4 Bd8 34.Bg3 Bb6 35.Kg2 c4 36.Nc1 Bd4 37.dxc4 Bxc2
38.cxd5 exd5 39.f4 Nc5 40.Bf2 Bxf2 41.Kxf2 d4 42.Ke1 Be4 43.Kd2 Ne6 44.f5 Nc5
45.Bc4 Nd7 46.e6 Ne5 47.Be2  0-1

[Event "ch-AUS"]
[Site "Sydney AUS"]
[Date "2010.01.10"]
[Round "8"]
[White "Wohl,A"]
[Black "Lane,G"]
[Result "0-1"]
[WhiteElo "2458"]
[BlackElo "2377"]

1.g3 d5 2.Nf3 Nf6 3.Bg2 g6 4.O-O Bg7 5.d3 O-O 6.Nbd2 c5 7.e4 Nc6 8.c3 e5
9.exd5 Nxd5 10.Re1 Re8 11.Ne4 b6 12.a3 a5 13.h4 h6 14.a4 Ba6 15.Bf1 Qd7 16.Qb3 Rad8
17.Ned2 Qf5 18.Re4 Kh8 19.Ne1 Qd7 20.Nc4 f5 21.Re2 f4 22.Bg2 fxg3 23.Nxb6 Nxb6
24.Qxb6 Bxd3 25.Bxc6 Qh3 26.Nxd3 Qh2+ 27.Kf1 Rxd3 28.Bxh6 Bxh6 29.Bg2 Qxh4
30.Qxg6 Red8 31.Rxe5 Rd1+ 32.Re1 Qc4+ 33.Kg1 gxf2+ 34.Kxf2 Qh4+  0-1

[Event "ch-AUS"]
[Site "Sydney AUS"]
[Date "2010.01.10"]
[Round "8"]
[White "Ikeda,J"]
[Black "Xie,G"]
[Result "0-1"]
[WhiteElo "2275"]
[BlackElo "2448"]

1.Nf3 d5 2.g3 g6 3.Bg2 Bg7 4.O-O e5 5.d3 Ne7 6.Nbd2 O-O 7.e4 d4 8.Qe2 c5
9.Ne1 Nbc6 10.f4 Qc7 11.Ndf3 b5 12.Nh4 exf4 13.gxf4 f5 14.Bd2 Kh8 15.Nef3 fxe4
16.dxe4 Be6 17.Ng5 Bc4 18.Qg4 Rae8 19.Qh3 Bg8 20.f5 Ne5 21.Bf4 Qc8 22.Qg3 N7c6
23.fxg6 h6 24.Bh3 Qd8 25.Nh7 Bxh7 26.gxh7 d3 27.Nf5 Rf7 28.cxd3 Kxh7 29.Rad1 Ng6
30.Kh1 Rg8 31.Rg1 Bd4 32.Rg2 Nce7 33.Bxh6 Be5 34.Qe3 Nxf5 35.exf5 Nh4 36.Bg5 Nxg2
37.Qxe5 Qxg5 38.Rg1 Qe3 39.Qe6 Qxg1+  0-1

[Event "2nd Kirov Memorial Open"]
[Site "Blagoevgrad BUL"]
[Date "2010.01.11"]
[Round "1"]
[White "Krastev,KN"]
[Black "Dimitrov,Pa"]
[Result "1/2-1/2"]
[WhiteElo "1825"]
[BlackElo "2361"]

1.Nf3 d5 2.g3 Nf6 3.Bg2 c6 4.O-O Bf5 5.d3 Nbd7 6.Nh4 Bg6 7.Nxg6 hxg6 8.e4 e6
9.Be3 dxe4 10.dxe4 Ne5 11.Qxd8+ Kxd8 12.h3 Ke8 13.Nd2 Rd8 14.Rad1 c5 15.f4 Nc6
16.Nb3 b6 17.Rxd8+ Kxd8 18.c4 e5 19.Rd1+ Kc7 20.Nc1 Be7 21.Ne2 Rd8 22.Rxd8 Kxd8
23.Nc3 Nh5 24.Kf2 Nb4 25.Bf1 Nc2 26.Bc1 exf4 27.gxf4 Bh4+ 28.Kf3 f5 29.Bd2 Nd4+
30.Kg2 Bg3 31.Ne2 Nxe2 32.Bxe2 Nf6 33.e5 Ne4 34.Bc1 Bh4 35.Kf3 Kd7 36.Be3 Be1
37.Bd3 Ng3 38.Bf2 Bxf2 39.Kxf2 Nh5 40.Kf3 Ke6 41.h4 Ke7 42.Bc2 Ke8 43.a3 Ke7
44.b4 Kd7 45.Ba4+ Ke7 46.Bc6 g5 47.hxg5 g6 48.Ke3 Ng7 49.Bd5 Ne8 50.Kd3 Ng7
51.Ke3 Nh5 52.Bf3 Ng7  1/2-1/2

[Event "2nd Kirov Memorial Open"]
[Site "Blagoevgrad BUL"]
[Date "2010.01.12"]
[Round "2"]
[White "Nikolaou,G"]
[Black "Lalev,I"]
[Result "1-0"]
[WhiteElo "2292"]
[BlackElo "2026"]

1.Nf3 d5 2.g3 e6 3.Bg2 Nf6 4.O-O Be7 5.b3 O-O 6.Bb2 c5 7.e3 Nc6 8.d4 b6 9.c4 Bb7
10.Nc3 dxc4 11.Ne5 Qc8 12.Nxc4 cxd4 13.Nb5 Rd8 14.exd4 Nb4 15.Ne5 Bxg2 16.Kxg2 Qb7+
17.Qf3 Nbd5 18.Ba3 Bxa3 19.Nxa3 Rac8 20.Rac1 Qa6 21.Nac4 Rc7 22.Ne3 Rdc8
23.Nxd5 Nxd5 24.Rxc7 Rxc7 25.Rc1 Qc8 26.Qxf7+ Kh8 27.Rxc7 Nxc7 28.h4 Nb5
29.Nf3 Qa8 30.Qd7 Nc3 31.Qxe6 h6 32.a4 Kh7 33.Qe3 Qc6 34.Kh2 Ne4 35.Qd3 g6
36.d5 Qc5 37.Qxe4 Qxf2+ 38.Kh3 Qf1+ 39.Kg4 h5+ 40.Kg5 Qc1+ 41.Kf6 Qc3+ 42.Ne5  1-0

[Event "2nd Kirov Memorial Open"]
[Site "Blagoevgrad BUL"]
[Date "2010.01.12"]
[Round "2"]
[White "Velikov,P"]
[Black "Stoinev,M"]
[Result "1/2-1/2"]
[WhiteElo "2433"]
[BlackElo "2268"]

1.Nf3 d5 2.g3 Nf6 3.Bg2 g6 4.c4 c6 5.b3 Bg7 6.Bb2 O-O 7.O-O b6 8.d3 Bb7 9.Nbd2 Nbd7
10.Rc1 c5 11.cxd5 Bxd5 12.Qc2 Rc8 13.Qb1 e6 14.a3 Qe7 15.Bc3 Rfd8 16.Qb2 Ne8
17.Bxg7 Nxg7 18.Rc2 Rc7 19.Rfc1 Rdc8 20.Nc4 Ne8 21.h4 h5 22.Ng5 Bxg2 23.Kxg2 Nd6
24.Nxd6 Qxd6 25.Ne4 Qd5 26.f3 e5 27.b4 Rc6 28.Qa2 Qxa2 29.Rxa2 Kf8 30.Rac2 Ke7
31.Kf2 f5 32.Ng5 Rd6 33.f4 exf4 34.gxf4 Rd4 35.Kg3 Re8 36.Nf3 Rd5 37.bxc5 Rxc5
38.Rxc5 bxc5 39.Rb1 Kd6 40.Rb2 Kc6 41.Kf2 Re6 42.Rb1 Kc7 43.Rb5 Ra6 44.Rb3 Ra4
45.e3 Kd6 46.Rc3 Kd5 47.Ke2 Ra6 48.Nd2 Rb6 49.e4+ fxe4 50.dxe4+ Ke6 51.Rg3 Kf7
52.Nc4 Rf6 53.Rd3 Ke7 54.Ke3 Ra6 55.Rb3 Ra4 56.Kd3 Nb6 57.Nxb6 axb6 58.Rxb6 Rxa3+
59.Kc4 Rf3 60.Kd5 Rxf4 61.Rxg6 Rxh4 62.Rg7+ Kf8 63.Rc7 Rh1 64.Rxc5 Kf7 65.Rc7+ Kg6
66.Ke6 h4 67.Rc8 Kg7 68.e5 h3 69.Rc3 h2 70.Rc2 Kg6 71.Rg2+ Kh5 72.Ke7 Kh4
73.e6 Kh3 74.Rg8 Re1 75.Rh8+ Kg2  1/2-1/2

[Event "Open"]
[Site "Prague CZE"]
[Date "2010.01.12"]
[Round "5"]
[White "Teplyi,I"]
[Black "Bodiroga,P"]
[Result "0-1"]
[WhiteElo "2305"]
[BlackElo "2420"]

1.Nf3 d5 2.g3 Bg4 3.Bg2 Nd7 4.d4 Ngf6 5.O-O e6 6.Nbd2 Be7 7.Re1 O-O 8.c4 c6
9.h3 Bh5 10.e4 a5 11.Qb3 Qc7 12.a3 Rfd8 13.Qc3 Qb6 14.e5 Ne8 15.c5 Qa7 16.b3 b6
17.cxb6 Qxb6 18.Bb2 Rdc8 19.Qe3 Rab8 20.g4 Bg6 21.h4 Bc2 22.Bc3 Bxb3 23.Reb1 a4
24.Nxb3 axb3 25.Nd2 c5 26.Rxb3 Qa7 27.a4 c4 28.Rxb8 Nxb8 29.f4 Nc6 30.f5 Bb4
31.Nf3 Rb8 32.Bxb4 Rxb4 33.fxe6 fxe6 34.Rf1 Nc7 35.Kh2 Rb8 36.h5 Rf8 37.h6 g6
38.Qa3 Nb5 39.Qc5 Qxc5 40.dxc5 Nbd4 41.Nxd4 Nxd4 42.Rd1 Nb3 43.c6 c3  0-1

[Event "TCh-AUT 2009-10"]
[Site "Graz AUT"]
[Date "2010.01.14"]
[Round "4"]
[White "Moser,E"]
[Black "Lehner,O"]
[Result "1/2-1/2"]
[WhiteElo "2431"]
[BlackElo "2407"]

1.g3 d5 2.Nf3 Nf6 3.Bg2 g6 4.c4 Bg7 5.cxd5 Nxd5 6.O-O Nc6 7.d4 Nb6 8.e3 O-O
9.Nc3 e5 10.d5 Nb4 11.e4 c6 12.Qb3 Na6 13.Be3 cxd5 14.exd5 Bf5 15.Rfd1 Rc8
16.a4 Nc5 17.Bxc5 Rxc5 18.a5 Nc4 19.Qxb7 Rxa5 20.Qb4 Rxa1 21.Rxa1 Nd6 22.Ra6 Nc8
23.d6 Re8 24.Nb5 Bf8 25.Qd2 Qd7 26.Nc7 Rd8 27.Nd5 Bg7 28.Qa5 e4 29.Nd2 Nxd6
30.Rxa7 Nb7 31.Rxb7 Qxd5 32.Qxd5 Rxd5 33.Rb8+ Bf8 34.Nf1 Rd1 35.h3 Kg7 36.g4 Be6
37.Bxe4 Bc4 38.Bg2 Rb1 39.Rc8 Bd3 40.Rc3 Bxf1  1/2-1/2

[Event "XXXV Open"]
[Site "Seville ESP"]
[Date "2010.01.15"]
[Round "8"]
[White "Hickl,J"]
[Black "Lalic,B"]
[Result "1/2-1/2"]
[WhiteElo "2572"]
[BlackElo "2494"]

1.Nf3 d5 2.g3 g6 3.c4 c6 4.Qa4 d4 5.b4 Bg7 6.d3 Nh6 7.Nbd2 Nf5 8.Bg2 O-O
9.O-O Nd7 10.Bb2 a5 11.a3 Qc7 12.c5 b6 13.Ne4 b5 14.Qc2 e5 15.Rfe1 Nf6 16.Nxf6+ Bxf6
17.Nd2 Be6  1/2-1/2

[Event "Open C"]
[Site "Marianske Lazne CZE"]
[Date "2010.01.16"]
[Round "1"]
[White "Maryasin,B"]
[Black "Strzelczyk,A"]
[Result "1-0"]
[WhiteElo "2340"]
[BlackElo "1910"]

1.Nf3 d5 2.g3 Nf6 3.Bg2 c5 4.O-O Nc6 5.d4 e6 6.c4 dxc4 7.Qa4 Bd7 8.Qxc4 cxd4
9.Nxd4 Rc8 10.Nc3 Be7 11.Rd1 O-O 12.Nxc6 bxc6 13.e4 Qc7 14.Be3 Rfd8 15.Bc5 Bxc5
16.Qxc5 e5 17.Rac1 Be6 18.Nd5 Nxd5 19.exd5 Bg4 20.Re1 Qb8 21.dxc6 Qxb2 22.Qxe5 Qxa2
23.c7 Rf8 24.Bb7 h6 25.Bxc8 Rxc8 26.Rb1  1-0

[Event "8th Parsvnath Open"]
[Site "New Delhi IND"]
[Date "2010.01.16"]
[Round "4"]
[White "Gokhale,C"]
[Black "Zubarev,Al1"]
[Result "1/2-1/2"]
[WhiteElo "2271"]
[BlackElo "2544"]

1.Nf3 d5 2.g3 Bg4 3.Bg2 c6 4.d3 Nd7 5.Nbd2 e6 6.O-O Bd6 7.e4 Ne7 8.Re1 O-O
9.h3 Bh5 10.Qe2 c5 11.c3 Nc6 12.Nf1 d4 13.c4 a6 14.Bf4 e5 15.Bd2 f6 16.g4 Bf7
17.Ng3 Re8 18.Nf5 Bf8 19.h4 b5 20.b3 bxc4 21.bxc4 Rb8 22.Reb1 Nb4 23.Ne1 Rb6
24.Qd1 Qc7 25.a3 Nc6 26.Rxb6 Nxb6 27.Rb1 Be6 28.Bf3 Rb8 29.Qc2 Qc8 30.Qd1 Rb7
31.Be2 Bd7 32.Ng3 Nd8 33.f3 Ne6 34.Ng2 g6 35.Qc1 Na4 36.Bd1 Nc3 37.Rxb7 Qxb7
38.Bc2 Bd6 39.Kf2 Bc7 40.Ne2 Ba5 41.Ke1 Qb6 42.Qa1 Nxe2 43.Kxe2 Bxd2 44.Kxd2 f5
45.gxf5 gxf5 46.Qg1 Kf7 47.exf5 Ng7 48.Qh2 Qh6+ 49.Kd1 Kf6 50.f4 Qh5+ 51.Kc1 Qxf5
52.fxe5+ Qxe5 53.Qg1 Bc6 54.Qf2+ Qf5 55.Qd2 Ne6 56.Kb2 Qg4 57.Ne1 Qxh4 58.Qa5 Qg3
59.Qxa6 Bh1 60.Qa5 h5 61.Ba4 h4 62.Bd7 Qc7 63.Qd2 Qf4 64.Qe2 Ng5 65.Qh5 Kg7
66.Nc2 Bf3 67.Qe8 Qf6 68.Ne1 Bh1 69.Qh5 Qf4 70.Nc2 Bg2 71.Qe8 Qf6 72.Qb8 h3
73.Bxh3 Bxh3 74.Qc7+ Kg6 75.Qxc5 Ne6 76.Qd6 Bf5 77.Nb4 Qg5 78.Kb3 Qd2 79.Ka4 Bg4
80.Kb5 Kg5 81.Qe5+ Kh4 82.a4 Qe3 83.Qf6+ Kg3 84.a5 Nf4 85.Qd6 Kf2 86.a6 Bf3
87.a7 Qe8+  1/2-1/2

[Event "TCh-AUT 2009-10"]
[Site "Graz AUT"]
[Date "2010.01.17"]
[Round "7"]
[White "Karner,C"]
[Black "Atlas,D"]
[Result "0-1"]
[WhiteElo "2384"]
[BlackElo "2330"]

1.Nf3 d5 2.g3 Nf6 3.Bg2 c5 4.O-O Nc6 5.d4 e6 6.c4 dxc4 7.Ne5 Nxe5 8.dxe5 Qxd1
9.Rxd1 Nd5 10.a4 Bd7 11.Nd2 c3 12.Nc4 O-O-O 13.b3 Be7 14.Ba3 b6 15.Rac1 Bc6
16.e4 Nb4 17.Nd6+ Kc7 18.Rxc3 f6 19.Bxb4 cxb4 20.Rc2 fxe5 21.Nb5+ Kb7 22.Rdc1 Bc5  0-1

[Event "Open C"]
[Site "Marianske Lazne CZE"]
[Date "2010.01.18"]
[Round "3"]
[White "Safyanowsky,M"]
[Black "Vanko,J"]
[Result "1-0"]
[WhiteElo "2293"]
[BlackElo "2106"]

1.Nf3 d5 2.g3 Nf6 3.Bg2 c6 4.c4 dxc4 5.Na3 e5 6.Nxc4 e4 7.Ng5 Bc5 8.O-O Bf5
9.Qb3 Qe7 10.d4 exd3 11.e4 Bg6 12.e5 Ng4 13.Nd6+ Kf8 14.Qc4 Nd7 15.Ngxf7 Bxf7
16.Nxf7 Ngxe5 17.Nxe5 Nxe5 18.Qe4 Re8 19.Bd2 h5 20.Rae1 Qf7 21.Bc3 Ng4 22.Qxd3 Rxe1
23.Bxe1 Rh6 24.h3 Rd6 25.Qc2 Ne3 26.fxe3 Bxe3+ 27.Kh2  1-0

[Event "GMA"]
[Site "Marianske Lazne CZE"]
[Date "2010.01.19"]
[Round "4"]
[White "Danielsen,Hen"]
[Black "Oparin,G"]
[Result "1-0"]
[WhiteElo "2495"]
[BlackElo "2343"]

1.g3 d5 2.Nf3 Nf6 3.Bg2 c6 4.O-O Bg4 5.d4 e6 6.Nbd2 Nbd7 7.Re1 Bd6 8.e4 dxe4
9.Nxe4 Nxe4 10.Rxe4 Nf6 11.Re1 O-O 12.c3 Qc7 13.Qb3 h6 14.Ne5 Bf5 15.Nc4 Be7
16.Bf4 Qd7 17.Na5 Nh5 18.Qxb7 Qxb7 19.Nxb7 Nxf4 20.gxf4 Rab8 21.Bxc6 Rfc8
22.d5 Rc7 23.d6 Bxd6 24.Nxd6 Rxc6 25.Nxf5 exf5 26.Re2 Rc4 27.Rc1 Rbc8 28.Re7 a6
29.Ra7 R8c6 30.Rc2 Rxf4 31.b3 h5 32.c4 h4 33.h3 Rf3 34.Kg2 Rd3 35.c5 f4 36.Re7 Rg6+
37.Kh2 Rd1 38.Re8+ Kh7 39.Re4 Rgg1 40.Rxf4 Rh1+ 41.Kg2 Rdg1+ 42.Kf3 Rxh3+
43.Ke2 Rhh1 44.c6 Re1+ 45.Kf3 Re8 46.Kg2 Rd1 47.Rxh4+ Kg6 48.Ra4 f5 49.c7 Rc8
50.Rxa6+ Kg5 51.Rb6 Rd7 52.Rbc6 Kg4 53.b4 g5 54.b5 f4 55.f3+  1-0

[Event "Open C"]
[Site "Marianske Lazne CZE"]
[Date "2010.01.19"]
[Round "5"]
[White "Jiruse,J"]
[Black "Ammerlaan,R"]
[Result "1/2-1/2"]
[WhiteElo "2054"]
[BlackElo "2200"]

1.Nf3 d5 2.g3 Nf6 3.Bg2 e6 4.O-O Bd6 5.d3 O-O 6.Nbd2 Nc6 7.c3 a5 8.a4 Qe7
9.Re1 e5 10.e4 dxe4 11.dxe4 b6 12.Qc2 Rd8 13.h3 h6 14.Nh4 Ba6 15.Nb3 Qe6
16.Be3 Bf8 17.Rad1 g6 18.Kh2 Kg7 19.Nc1 Be7 20.Bf3 Rxd1 21.Rxd1 Rd8 22.Rxd8 Nxd8
23.Qd2 h5 24.Bh6+ Kh7 25.Bg5 Nb7 26.b4 axb4 27.cxb4 Nd6 28.Qc2 Qc4 29.Qxc4 Bxc4
30.Ng2 Ng4+ 31.hxg4 Bxg5 32.Ne3 hxg4 33.Bxg4 Bxe3 34.fxe3 Nxe4 35.Be2 Bd5
36.a5 bxa5 37.bxa5 Kg7 38.a6 Kf6 39.Nd3 Nc3 40.Nb4 Ba8 41.Bc4 Ke7 42.Kh3 Na4
43.Bd5 Nb6 44.Bb7 c5 45.Nd5+ Nxd5 46.Bxa8 Nc7 47.Bb7 Nb5 48.Bd5 f5 49.e4 Kf6
50.Kh4 g5+ 51.Kh5 f4 52.Kg4 Na7 53.Bc4 Ke7 54.Bf1 Kd6 55.gxf4 gxf4 56.Kf5 Nc6
57.Kg4 Kc7 58.Kf5 Kb6 59.Ke6 f3 60.Kd5 f2 61.a7 Nxa7 62.Kxe5 Nb5 63.Kf4 Nc3
64.Kf3 Kc6 65.Bd3 Nxe4  1/2-1/2

[Event "8th Parsvnath Open"]
[Site "New Delhi IND"]
[Date "2010.01.19"]
[Round "8"]
[White "Hegde,R1"]
[Black "Mohota,N"]
[Result "1-0"]
[WhiteElo "2208"]
[BlackElo "2330"]

1.Nf3 d5 2.g3 Nf6 3.Bg2 e6 4.O-O c5 5.c4 dxc4 6.Na3 Nc6 7.Nxc4 Be7 8.b3 O-O
9.Bb2 Nd5 10.d4 b5 11.Nce5 Nxe5 12.Nxe5 Bb7 13.dxc5 Bxc5 14.Rc1 Rc8 15.Qd3 a6
16.Rfd1 Qe7 17.Qf3 f6 18.Nd3 Bd6 19.Qg4 Kh8 20.e4 f5 21.exf5 Rxf5 22.Rxc8+ Bxc8
23.Re1 Qf7 24.Ne5 Bxe5 25.Bxe5 Bb7 26.Qd4 Qd7 27.f4 Rf8 28.Bh3 Re8 29.f5 Nf6
30.Qxd7 Nxd7 31.fxe6 Nxe5 32.Rxe5 Re7 33.Kf2 g6 34.Ke3 Kg7 35.Kd4 Kf8 36.Kc5 Ke8
37.Kd6 Kd8 38.Rc5 h6 39.Bf1 Rg7 40.Bd3 Bf3 41.a4 bxa4 42.bxa4 Rb7 43.a5 Re7
44.Bxg6  1-0

[Event "IMB2"]
[Site "Marianske Lazne CZE"]
[Date "2010.01.20"]
[Round "6"]
[White "Bejtovic,J"]
[Black "Corke,A"]
[Result "1-0"]
[WhiteElo "2338"]
[BlackElo "2284"]

1.Nf3 d5 2.g3 g6 3.Bg2 Bg7 4.O-O c5 5.d3 Nf6 6.Nbd2 O-O 7.e4 Nc6 8.Re1 b6
9.c3 Bb7 10.e5 Ne8 11.Nf1 Nc7 12.h4 d4 13.c4 Ne6 14.N1h2 Qc7 15.Qe2 Nb8 16.h5 Nd7
17.Ng4 Rfe8 18.Nh6+ Bxh6 19.Bxh6 Ndf8 20.Kh2 Ng7 21.hxg6 fxg6 22.Bxg7 Kxg7
23.e6 Rac8 24.Rh1 h6 25.Rae1 Nh7 26.Ne5 Nf6 27.Nf7 h5 28.Qd2 Rh8 29.Nxh8 Rxh8
30.Qg5 Rf8 31.Rhf1 Ng4+ 32.Kg1 Rf5 33.Qd2 h4 34.Bxb7 Qxb7 35.Re4 Ne5 36.f4 Nxc4
37.Qe2 Ne3 38.g4 Rf8 39.Rf2 Qc7 40.Qf3 g5 41.Qh3 Nd5 42.Re5 Ne3 43.Rxg5+ Kf6
44.Qxh4 Kxe6 45.Rg7 Kd6 46.Qh7 Qd7 47.Qh5 Kc6 48.a4 Rf6 49.Qh1+ Nd5 50.Qe4 Re6
51.Rg6 Rxg6 52.Qxg6+ Kc7 53.Qg5 Ne3 54.b3 Nxg4 55.Rg2 Ne3 56.Qe5+ Kb7 57.Rg7 Nd5
58.f5 Ka6 59.Qe6 Qxe6 60.fxe6 Kb7 61.Kf2 Kc6 62.Kf3 Kd6 63.Rg8 Nc7 64.Rb8 Nxe6
65.Rb7 Nc7 66.Rxa7 Kc6 67.Ke4 e6 68.Ke5 b5 69.a5 b4 70.Ke4 Nd5 71.Ra8 Kb5
72.Ke5 Nc7 73.Rb8+ Kxa5 74.Kd6 Na6 75.Rb7 e5 76.Kc6 Nb8+ 77.Rxb8  1-0

[Event "LX Abto de Verano"]
[Site "Villa Ballester ARG"]
[Date "2010.01.20"]
[Round "1"]
[White "Dominguez,G"]
[Black "Papadopulos,D"]
[Result "0-1"]
[WhiteElo "1812"]
[BlackElo "2160"]

1.Nf3 d5 2.g3 Nf6 3.Bg2 c5 4.d3 Nc6 5.Nbd2 Bg4 6.O-O e6 7.c3 Be7 8.e4 O-O
9.Qc2 Qc7 10.Re1 Rfd8 11.Nf1 c4 12.exd5 cxd3 13.Qxd3 Nxd5 14.Qc4 Bf5 15.Ne3 Nb6
16.Qb3 Bd3 17.a4 Na5 18.Qa2 Nbc4 19.Nd4 a6 20.Nxc4 Bxc4 21.b3 Bd5 22.Bxd5 Rxd5
23.Qb2 Bf6 24.Be3 Rad8 25.Rac1 g6 26.Re2 Bg7 27.f4 Nc6 28.Rd2 Ne7 29.b4 e5
30.fxe5 Bxe5 31.Kg2 Bxd4 32.Bxd4 Qc6 33.Kg1 Qxa4 34.c4 R5d7 35.Bh8 Nf5 36.Rxd7 Qxd7
37.g4 Nd4 38.Bxd4 Qxd4+ 39.Qxd4 Rxd4 40.h3 Rd3 41.Kg2 Rb3  0-1

[Event "4th SOP-SMAOK Open"]
[Site "Athens GRE"]
[Date "2010.01.26"]
[Round "3"]
[White "Tsimboukidis,A"]
[Black "Petsetidi,M"]
[Result "0-1"]
[WhiteElo "1992"]
[BlackElo "1948"]

1.Nf3 d5 2.g3 Nf6 3.Bg2 c6 4.d3 Bf5 5.O-O Nbd7 6.Nbd2 h6 7.Qe1 e6 8.c3 a5
9.e4 dxe4 10.dxe4 Bh7 11.Nd4 Bc5 12.N2b3 Ba7 13.a4 O-O 14.h3 Kh8 15.Kh2 e5
16.Nf5 Bxf5 17.exf5 Re8 18.Be3 Bxe3 19.Qxe3 Qe7 20.Rad1 e4 21.f3 Ne5 22.Kg1 Nc4
23.Qf4 e3 24.Qxc4 e2 25.Nd4 exf1=Q+ 26.Rxf1 Nd5 27.Rf2 Qe1+ 28.Bf1 Rad8 29.f6 g6
30.Nc2 Qe5 31.Kg2 Qxf6 32.Bd3 Nb6 33.Qb3 c5 34.Be4 c4 35.Qa2 Qe7 36.Nd4 f5
37.Bc2 Qc7 38.Qb1 Nd5 39.Qc1 Ne3+ 40.Kh2 f4 41.g4 Nxc2 42.Qxc2 Qf7 43.Re2 Rxe2+
44.Qxe2 Re8 45.Qd2 Re3 46.Kg2 Qd5 47.Qc2 Qg5 48.Qf2 Qe5 49.Qh4 Qg5 50.Qf2 Qe7
51.Kf1 Rd3 52.Qe2 Re3 53.Qf2 Rd3 54.Qe2 Qe3 55.Qxe3 fxe3 56.Ke2 Rd2+ 57.Kxe3 Rxb2
58.Ne6 Ra2 59.Nc5 b6 60.Nd7 Rxa4 61.Nxb6 Ra3 62.Kd4 Ra1 63.Kxc4 a4 64.Nd5 a3
65.Kb3 a2 66.Nb4 Rf1 67.Kxa2 Rxf3 68.Kb3 Rxh3 69.Kc4 Rg3 70.Nd5 Rxg4+ 71.Kc5 h5
72.c4 h4 73.Ne3 Rg5+ 74.Kd6 h3 75.Nf1 Rg1 76.Nh2 Rg2 77.Nf3 h2 78.Nd4 h1=Q  0-1

[Event "8th Gibtelecom Masters"]
[Site "Caleta ENG"]
[Date "2010.01.26"]
[Round "1"]
[White "Chapman,T"]
[Black "Dzagnidze,N"]
[Result "0-1"]
[WhiteElo "2221"]
[BlackElo "2506"]

1.Nf3 d5 2.g3 Nf6 3.Bg2 c5 4.O-O Nc6 5.d4 Bg4 6.dxc5 e6 7.Be3 Be7 8.a3 O-O
9.b4 a5 10.b5 Bxf3 11.exf3 Ne5 12.Nd2 Rc8 13.Bd4 Ned7 14.c4 Bxc5 15.Bb2 dxc4
16.Nxc4 Bxf2+ 17.Rxf2 Rxc4 18.Qd6 Nb6 19.Rd1 Rc8 20.Bxf6 gxf6 21.Rfd2 Nd5
22.Qxd8 Rfxd8 23.f4 Rc5 24.a4 Kf8 25.Rd4 f5 26.Bxd5 Rdxd5 27.Kg2 Rc2+ 28.Kh3 Rxd4
29.Rxd4 Ke7 30.Rd3 b6 31.Rd4 f6 32.g4 fxg4+ 33.Kxg4 Rxh2 34.Rc4 h5+ 35.Kg3 Ra2
36.Kh4 Rh2+ 37.Kg3 Ra2 38.Kh4 Kd6 39.Rc6+ Kd5 40.Kxh5 Rxa4 41.f5 exf5 42.Rxb6 Rb4
43.Kg6 f4 44.Rxf6 Ke4 45.Kg5 Kf3 46.b6 Kg3 47.Kf5 a4 48.Rg6+ Kf3 49.Rc6 Rb5+
50.Ke6 a3 51.Rc3+ Kg4 52.Rxa3 Rxb6+ 53.Ke5 f3 54.Ra8 f2 55.Rf8 Kg3 56.Ke4 Re6+
57.Kd3 Re1 58.Rg8+ Kh4 59.Rh8+ Kg5 60.Rg8+ Kh6  0-1

[Event "8th Gibtelecom Masters"]
[Site "Caleta ENG"]
[Date "2010.01.26"]
[Round "1"]
[White "Solomon,K"]
[Black "Groffen,H"]
[Result "1-0"]
[WhiteElo "2368"]
[BlackElo "2150"]

1.Nf3 d5 2.g3 Bg4 3.Bg2 c6 4.O-O Nd7 5.d3 Ngf6 6.h3 Bxf3 7.Bxf3 e5 8.Bg2 Bd6
9.c4 dxc4 10.dxc4 Qe7 11.Nc3 O-O 12.Qc2 a5 13.Bg5 h6 14.Bd2 Nc5 15.Rad1 Ne6
16.e3 Rfd8 17.Kh1 Nc5 18.f4 Bc7 19.Bc1 Rxd1 20.Rxd1 Rd8 21.b3 Rxd1+ 22.Qxd1 Qd7
23.Qxd7 Nfxd7 24.Ba3 Bb6 25.Bf1 Na6 26.Bc1 Nac5 27.Kg2 f5 28.g4 g6 29.gxf5 gxf5
30.fxe5 Nxe5 31.e4 Nxe4 32.Nxe4 fxe4 33.Bxh6 Kf7 34.Be2 Kg6 35.Bd2 Kf5 36.h4 Ng6
37.Bg5 Bc7 38.Bd1 Bb6 39.Kh3 Bf2 40.Bg4+ Ke5 41.h5 Nf4+ 42.Kh2 b5 43.cxb5 cxb5
44.h6 Ng6 45.h7 Bd4 46.Bd7 b4 47.Kg2 Nh8 48.Bd8 Kd6 49.Bg4 a4 50.bxa4 Nf7
51.Bh4 Kc6 52.Bh5 Nd6 53.Be1 Nc4 54.Bxb4 Nb2 55.Be8+ Kb6 56.a5+ Ka6 57.a4 Nd1
58.Bb5+  1-0

[Event "70th ch-ARM"]
[Site "Yerevan ARM"]
[Date "2010.01.26"]
[Round "5"]
[White "Minasian,Art"]
[Black "Andriasian,Z"]
[Result "1-0"]
[WhiteElo "2561"]
[BlackElo "2613"]

1.Nf3 d5 2.g3 c6 3.Bg2 Bg4 4.c4 e6 5.cxd5 exd5 6.O-O Nf6 7.Qb3 Qb6 8.Qc2 Nbd7
9.Nc3 Be7 10.d3 O-O 11.e4 Rfe8 12.h3 Bxf3 13.Bxf3 dxe4 14.dxe4 Bc5 15.Bg2 Bd4
16.Ne2 c5 17.Kh1 Rad8 18.f4 Nf8 19.e5 Nd5 20.Nxd4 cxd4 21.Qb3 Qxb3 22.axb3 f6
23.Ra5 Ne3 24.Bxe3 dxe3 25.Re1 b6 26.Rd5 fxe5 27.fxe5 Kf7 28.Rxe3 Rxd5 29.Bxd5+ Ke7
30.b4 Rd8 31.Bc4 Rd4 32.b3 Rd2 33.Bg8 h6 34.Rf3 Ke8 35.Bc4 Nd7 36.Re3 Ke7
37.Kg1 Nf8 38.Kf1 Ne6 39.b5 Rd4 40.Re2 Ng5 41.Ra2 Rd7 42.Kg2 Rc7 43.Rd2 Ne4
44.Rd4 Nc5 45.Rd6 Ke8 46.Rc6 Rd7 47.Kf3 Nxb3 48.Bxb3 Rd3+ 49.Ke4 Rxb3 50.Rc7 Rxg3
51.Kd5 Rg6 52.Rxa7 h5 53.h4 Kd8 54.Ra8+ Ke7 55.Rb8 Rg4 56.Rxb6 Rxh4 57.Rb7+ Kf8
58.b6 Rb4 59.Kc5 Rb1 60.Ra7 Ke8 61.Rxg7  1-0